LEADER 01547nam a2200373 a 4500 001 000000165629 003 CaOOAMICUS 005 20180201100951.0 008 180201s2017 it u000 u ita r 020 $a978-88-9317-378-0* 032 $aLibriCat 040 $aPUL$bita 082 $a348.45 110 1 $aItalia.$0(OLS)http://pul/name/1188 240 10$aCodice costituzionale (2017).$0(OLS)http://pul/title/205308 245 10$aCodice costituzionale /$ca cura di Angelo Mattioni. 250 $a18. ed. 260 $aPiacenza :$bLa Tribuna,$c©2017. 300 $a2167 p. ;$c19 cm. 490 1 $aCodici vigenti 2017 500 $aSulla coperta: Aggiornato con la riforma della "Buona scuola" (L. 13/7/2015, n. 107). 500 $aTesto su due colonne. 650 4$aDiritto costituzionale$zItalia.$0(OLS)http://pul/subject/5313 650 04$aCodice costituzionale$zItalia.$0(OLS)http://pul/subject/42740 700 1 $aMattioni, Angelo.$0(OLS)http://pul/name/37145 830 0$aCodici vigenti 2017.$0(OLS)http://pul/title/197720 850 $aPUL 852 $aPUL$W1$xDP2 Diritto e Scienze Sociali 3$y110$m348. 45 COD 3.1.107$j189945$qDDC 21$B192970$CPULBib$Z2$F192970 $H130369 $81 941 1 $a9 996 $6020$a978-88-9317-378-0*$9(OLS)http://pul/number/163322 996 $6082$a348.45$9(OLS)http://pul/classification/373 996 $6245$aCodice costituzionale$9(OLS)http://pul/title/144144 996 $6260$aPiacenza :$bLa Tribuna$9(OLS)http://pul/publisher/69734 LEADER 01856nam a2200385 u 4500 001 000000014754 003 CaOOAMICUS 005 20070226105812.0 008 940517s1992 it f u000 u ita u 020 $a880204175X (v. 1) 020 $a8802041768 (v. 2) 035 $a10346720 040 $aPUL(R)$bita 100 0 $aPlato,$d427-347 a.C.$0(OLS)http://pul/name/250 245 10$aDialoghi politici :$bLettere di Platone /$ca cura di Francesco Adorno. 250 $a3. ed. 260 $aTorino :$bUnione Tipografico-Editrice Torinese,$c1992. 300 $a2 v. :$btav. ;$c24 cm 490 1 $aClassici della filosofia (Unione tipografico-editrice torinese) 500 $aIn appendice al vol. II testi di: Al F?rabi, Averroè, Uberto e Pier Candido Decembrio, Antonio Cassarino, Giorgio da Trebisonda, Marsilio Ficino, Panfilo Fiorimbene, Giorgio Bartoli. 504 $aBibliografia: p. [107]-253. 505 0 $av. 1. Repubblica, Timeo, Crizia, Politico. -- v. 2. Leggi, Epinomide, Minosse, Clitofonte, Menesseno, Lettere 700 1 $aAdorno, Francesco.$0(OLS)http://pul/name/7726 830 0$aClassici della filosofia (UTET).$0(OLS)http://pul/title/8314 850 $aPUL 852 $aPUL$W1$xSL Filosofia 1$y2$m87 L-M$j20679$nBK-PRI$b $qStampati$B20679$CPULBib$Z2$F20679 $81 852 $aPUL$W1$xSL Filosofia 1$y2$m87 L-M$j20679$nBK-PRI$b $qStampati$B20680$CPULBib$Z2$F20680 $81 900 $aPlatone,$d427-347 a.C.$9250 941 1 $a8 961 $aINV: 68787-69585 961 $aINV: 68787-69585 996 $6020$a880204175X (v. 1)$9(OLS)http://pul/number/18744 996 $6020$a8802041768 (v. 2)$9(OLS)http://pul/number/18745 996 $6245$aDialoghi politici :$bLettere di Platone$9(OLS)http://pul/title/21176 996 $6260$aTorino :$bUnione Tipografico-Editrice Torinese$9(OLS)http://pul/publisher/48798